Top 10 migliori giocatori #1 - Statistics

Statistiche generali
  • Questo quiz è stato fatto 7 volte
  • Il punteggio medio è 2 su 10
Statistiche sulle risposte
Risposta % Corretto
Simone Giannelli
100%
Alessandro Michieletto
17%
10° Fabio Balaso
17%
Wilfredo Leon
17%
Kamil Semeniuk
0%
Maique Rinascimento
0%
Mateusz Bieniek
0%
Miguel Angel López
0%
Nimir Abdel Aziz
0%
Robertlandy Simon Aties
0%
Nessun quiz corrispondente trovato
Distribuzione punteggi
Percentuale di utenti per punteggio
Percentile per numero di risposta
I tuoi punteggi nel tempo
Non hai fatto questo quiz